Philosophie morale et sociale / (Record no. 141765)

MARC details
000 -LEADER
campo de control de longitud fija 00783nam a2200217 i 4500
001 - NÚMERO DE CONTROL
campo de control 141765
003 - IDENTIFICADOR DE NÚMERO DE CONTROL
campo de control ES-MaACL
005 - FECHA Y HORA DE LA ÚLTIMA TRANSACCIÓN
campo de control 20250718062542.0
007 - CAMPO FIJO DE DESCRIPCIÓN FÍSICA--INFORMACIÓN GENERAL
campo de control de longitud fija t|
008 - DATOS DE LONGITUD FIJA--INFORMACIÓN GENERAL
campo de control de longitud fija 070927s1913 sz ||||1| fre d
100 1# - ENTRADA PRINCIPAL--NOMBRE DE PERSONA
Nombre de persona Vinet, Alexandre.
9 (RLIN) 115326
245 10 - MENCIÓN DEL TÍTULO
Título Philosophie morale et sociale /
Mención de responsabilidad, etc. Alexandre Vinet ; recuil d'essais, d'articles et de fragments, publies d'aprés les editions originaux et les manuscrits par Ph. Bridel... avec la collaboration de Paul Bonnard.
260 ## - PUBLICACIÓN, DISTRIBUCIÓN, ETC.
Lugar de publicación, distribución, etc. Lausanne :
Nombre del editor, distribuidor, etc. George Bridefet,
Fecha de publicación, distribución, etc. 1913 (
Fabricante Imp. Réunies)
300 ## - DESCRIPCIÓN FÍSICA
Extensión XLVI, 403 p. ;
Dimensiones 23 cm.
500 ## - NOTA GENERAL
Nota general Es el tomo 1.
650 17 - PUNTO DE ACCESO ADICIONAL DE MATERIA--TÉRMINO DE MATERIA
Término de materia o nombre geográfico como elemento de entrada Ética
Fuente del encabezamiento o término embne
9 (RLIN) 12577
700 1# - ENTRADA AGREGADA--NOMBRE PERSONAL
Nombre de persona Bonnard, Paul.
9 (RLIN) 30227
700 1# - ENTRADA AGREGADA--NOMBRE PERSONAL
Nombre de persona Bridel, Philippe.
9 (RLIN) 31696
852 ## - LOCALIZACIÓN
Ubicación ES-MaACL
Número de control de estantería B-13589
Holdings
Estatus retirado Estado de pérdida Estado de daño No para préstamo Biblioteca de origen Biblioteca actual Ubicación en estantería Fecha de adquisición Fuente de adquisición Total de préstamos Signatura topográfica completa Código de barras Visto por última vez Precio de reemplazo Tipo de ítem Koha
        Biblioteca del Ateneo de Madrid Biblioteca del Ateneo de Madrid Sala Pardo Bazán 17/01/2008     B-13589 1147509 23/02/2023 23/02/2023 Libro impreso